000
00297nam a22001337a 4500
020
_a
0582414547
082
_a
330
100
_a
Alan Griffith (ed)
245
_a
Applied economics an introductory course
250
_a
8th ed
260
_a
London
_b
Longman
_c
1984
300
_a
762p
942
_c
BK
999
_c
3154
_d
3154